<?xml version="1.0" encoding="UTF-8"?>
<record
    xmlns:xsi="http://www.w3.org/2001/XMLSchema-instance"
    xsi:schemaLocation="http://www.loc.gov/MARC21/slim http://www.loc.gov/standards/marcxml/schema/MARC21slim.xsd"
    xmlns="http://www.loc.gov/MARC21/slim">

  <leader>05167nam a2200373 a 4500</leader>
  <controlfield tag="003">CHAP</controlfield>
  <controlfield tag="005">20250211095446.0</controlfield>
  <controlfield tag="007">ta</controlfield>
  <controlfield tag="008">250211s2024    mx adm|fom||| 001 0 spa d</controlfield>
  <datafield tag="040" ind1=" " ind2=" ">
    <subfield code="e">rda</subfield>
  </datafield>
  <datafield tag="041" ind1=" " ind2=" ">
    <subfield code="a">spa</subfield>
    <subfield code="b">eng</subfield>
  </datafield>
  <datafield tag="100" ind1="1" ind2=" ">
    <subfield code="a">Zenil L&#xF3;pez, Ximena</subfield>
    <subfield code="9">189527</subfield>
  </datafield>
  <datafield tag="245" ind1="1" ind2=" ">
    <subfield code="a">Control f&#xFA;ngico en frutos de aguacate (Persea americana) Hass utilizando aceite esencial de tomillo (Thymus vulgaris) /</subfield>
    <subfield code="c">Ximena Zenil L&#xF3;pez</subfield>
  </datafield>
  <datafield tag="264" ind1=" " ind2=" ">
    <subfield code="a">Chapingo, M&#xE9;xico :</subfield>
    <subfield code="b">El autor,</subfield>
    <subfield code="c">2024</subfield>
  </datafield>
  <datafield tag="300" ind1=" " ind2=" ">
    <subfield code="a">1 recurso en l&#xED;nea (xi,78  p&#xE1;ginas) :</subfield>
    <subfield code="b">ilustraciones, tablas, gr&#xE1;ficas, fotograf&#xED;as</subfield>
  </datafield>
  <datafield tag="336" ind1=" " ind2=" ">
    <subfield code="2">rdacontent</subfield>
    <subfield code="a">texto</subfield>
    <subfield code="b">txt</subfield>
  </datafield>
  <datafield tag="337" ind1=" " ind2=" ">
    <subfield code="2">rdamedia</subfield>
    <subfield code="a">computadora</subfield>
    <subfield code="b">c</subfield>
  </datafield>
  <datafield tag="338" ind1=" " ind2=" ">
    <subfield code="2">rdacarrier</subfield>
    <subfield code="a">recurso en l&#xED;nea</subfield>
    <subfield code="b">cr</subfield>
  </datafield>
  <datafield tag="502" ind1="3" ind2=" ">
    <subfield code="a">Tesis</subfield>
    <subfield code="b">IA</subfield>
    <subfield code="c">Agroindustrias</subfield>
    <subfield code="d">2024</subfield>
    <subfield code="g">LIC</subfield>
  </datafield>
  <datafield tag="504" ind1=" " ind2=" ">
    <subfield code="a">Bibliograf&#xED;a : p&#xE1;ginas 60-74</subfield>
  </datafield>
  <datafield tag="520" ind1="3" ind2=" ">
    <subfield code="a">El desarrollo de enfermedades debido a agentes fitopat&#xF3;genos es una de las principales causas de p&#xE9;rdidas en postcosecha de productos hortofrut&#xED;colas. Un caso espec&#xED;fico es el del aguacate (Persea americana), que se afecta por hongo como los pertenecientes al g&#xE9;nero Colletotrichum spp., responsables de la enfermedad de antracnosis. La infecci&#xF3;n en los frutos sucede en cualquier etapa de la cadena productiva, permaneciendo latente hasta su desarrollo en la etapa de maduraci&#xF3;n, resultando imperceptible antes. El impacto ocasionado est&#xE1; en gran medida relacionado al control utilizado, donde el de tipo qu&#xED;mico es el m&#xE1;s utilizado. Los aceites esenciales son mezclas de compuestos qu&#xED;micos extra&#xED;dos de plantas arom&#xE1;ticas. Son empleados en distintos sectores debido a las caracter&#xED;sticas que poseen, entre las cuales est&#xE1; la propiedad antif&#xFA;ngica, originada por la presencia de compuestos terp&#xE9;nicos, destacando al timol y carvacrol. Este tipo de compuestos se encuentran en mayor proporci&#xF3;n en aceites como el de tomillo, lo que podr&#xED;a significar una alternativa de control biol&#xF3;gico. De este modo, el presente trabajo se realiz&#xF3; utilizando aceite esencial de tomillo para inhibir in vitro al hongo Colletotrichum siamense aislado de frutos de aguacate. Se realiz&#xF3; una primera evaluaci&#xF3;n de manera directa o por  contacto, teniendo que a 800 ppm la inhibici&#xF3;n fue completa, lo que identific&#xF3; la Concentraci&#xF3;n M&#xED;nima Inhibitoria (CMI). Se realiz&#xF3; una segunda evaluaci&#xF3;n con el uso del aceite esencial en fase gaseosa, donde se manejaron tres tiempos de exposici&#xF3;n de aceite esencial (2, 3 y 4 h de recirculaci&#xF3;n) y de donde se deriv&#xF3; una CMI fue de 67 ppm, que correspondi&#xF3; a 4 h de recirculaci&#xF3;n. Las otras dos condiciones s&#xF3;lo tuvieron un efecto fungist&#xE1;tico, pues el hongo retom&#xF3; su crecimiento una vez que el ambiente estuvo libre de aceite esencial.</subfield>
  </datafield>
  <datafield tag="520" ind1="3" ind2=" ">
    <subfield code="a">The development of diseases due to phytopathogenic agents is one of the main causes of postharvest losses of horticultural products. A specific case is that of avocado (Persea americana), which is affected by fungi such as those belonging to the genus Colletotrichum spp., responsible for the anthracnose disease. The infection in fruits occurs at any stage of the production chain, remaining latent until its development in the ripening stage, becoming imperceptible before. The impact caused is largely related to the control used, where the chemical type is the most used. Essential oils are mixtures of chemical compounds extracted from aromatic plants. They are used in different sectors due to characteristics such as the antifungal capacity, caused by the presence of terpene compounds, highlighting thymol and carvacrol. These types of compounds are found in a greater proportion in oils such as thyme, which could mean an alternative for biological control. Thus, the present work was carried out using thyme essential oil to inhibit in vitro the fungus Colletotrichum siamense isolated from avocado fruits. A first evaluation was carried out directly or by contact, with the inhibition being complete at 800 ppm, which identified the Minimum Inhibitory Concentration (MIC). A second evaluation was carried out with the use of the essential oil in the gas phase, where three essential oil exposure times were handled (2, 3 and 4 h of recirculation) and from which a MIC of 67 ppm was derived, which corresponded to 4 h of recirculation. The other two conditions only had a fungistatic effect, since the fungus resumed its growth once the environment was free of essential oil.</subfield>
  </datafield>
  <datafield tag="650" ind1="1" ind2="3">
    <subfield code="a">Aguacate</subfield>
    <subfield code="2">atg</subfield>
    <subfield code="9">2490</subfield>
    <subfield code="x">Enfermedades fungales de las plantas</subfield>
  </datafield>
  <datafield tag="650" ind1="1" ind2="3">
    <subfield code="a">Aguacate</subfield>
    <subfield code="2">atg</subfield>
    <subfield code="9">2490</subfield>
    <subfield code="x">Control de enfermedades vegetales</subfield>
  </datafield>
  <datafield tag="650" ind1="1" ind2="3">
    <subfield code="a">Aceite de tomillo</subfield>
    <subfield code="2">atg</subfield>
    <subfield code="9">190092</subfield>
    <subfield code="x">Propiedades fungicidas</subfield>
  </datafield>
  <datafield tag="650" ind1="1" ind2="3">
    <subfield code="a">Avocados  </subfield>
    <subfield code="2">atg</subfield>
    <subfield code="9">148887</subfield>
    <subfield code="x">Fungal diseases of plants</subfield>
  </datafield>
  <datafield tag="650" ind1="1" ind2="3">
    <subfield code="a">Avocados  </subfield>
    <subfield code="2">atg</subfield>
    <subfield code="9">148887</subfield>
    <subfield code="x">Plant disease control</subfield>
  </datafield>
  <datafield tag="650" ind1="1" ind2="3">
    <subfield code="a">Thyme oil</subfield>
    <subfield code="2">atg</subfield>
    <subfield code="9">190093</subfield>
    <subfield code="x">Antifungal properties</subfield>
  </datafield>
  <datafield tag="700" ind1="1" ind2=" ">
    <subfield code="a">Valle Guadarrama, Salvador</subfield>
    <subfield code="9">151202</subfield>
    <subfield code="e">director</subfield>
  </datafield>
  <datafield tag="700" ind1="1" ind2=" ">
    <subfield code="a">Hern&#xE1;ndez Rodr&#xED;guez, Guillermina</subfield>
    <subfield code="9">125766</subfield>
    <subfield code="e">asesora</subfield>
  </datafield>
  <datafield tag="700" ind1="1" ind2=" ">
    <subfield code="a">Becerra Morales, Diana</subfield>
    <subfield code="9">11145</subfield>
    <subfield code="e">asesora</subfield>
  </datafield>
  <datafield tag="856" ind1="4" ind2="0">
    <subfield code="y">DESCARGAR PDF</subfield>
    <subfield code="u">http://10.13.5.2/tesis/tl/1512803-2_ZENIL_LOPEZ_XIMENA.pdf</subfield>
  </datafield>
  <datafield tag="942" ind1=" " ind2=" ">
    <subfield code="2">Clasificaci&#xF3;n Universidad Aut&#xF3;noma Chapingo</subfield>
    <subfield code="c">TD</subfield>
  </datafield>
  <datafield tag="999" ind1=" " ind2=" ">
    <subfield code="c">220450</subfield>
    <subfield code="d">220450</subfield>
  </datafield>
  <datafield tag="952" ind1=" " ind2=" ">
    <subfield code="0">0</subfield>
    <subfield code="1">0</subfield>
    <subfield code="2">local</subfield>
    <subfield code="4">0</subfield>
    <subfield code="7">0</subfield>
    <subfield code="8">TesDigL</subfield>
    <subfield code="a">IA_</subfield>
    <subfield code="b">IA_</subfield>
    <subfield code="c">E_L</subfield>
    <subfield code="d">2025-02-11</subfield>
    <subfield code="e">El autor</subfield>
    <subfield code="l">0</subfield>
    <subfield code="p">1201015267</subfield>
    <subfield code="r">2025-02-11 09:52:46</subfield>
    <subfield code="w">2025-02-11</subfield>
    <subfield code="y">TD</subfield>
  </datafield>
</record>
